K chápaniu práva v právnom štáte habilitačná prednáška

Chápanie práva v právnom štáte. Vymedzenie práva a jeho kontextov v právnom štáte, pri rozbore účelu práva (zákonov) vo vzťahu k ochrane slobody, spravodlivosti a právnej istoty.

Gespeichert in:
Bibliographische Detailangaben
1. Verfasser: Bröstl, Alexander
Format: Buchkapitel
Sprache:Slowakisch
Schlagworte:
Tags: Tag hinzufügen
Keine Tags, Fügen Sie das erste Tag hinzu!

MARC

LEADER 00000naa a2200000 4500
001 r030276
005 20230921125212.0
041 0 |a slo 
044 |a SK 
245 1 0 |a K chápaniu práva v právnom štáte  |b habilitačná prednáška  |c Bröstl, A. 
520 |a Chápanie práva v právnom štáte. Vymedzenie práva a jeho kontextov v právnom štáte, pri rozbore účelu práva (zákonov) vo vzťahu k ochrane slobody, spravodlivosti a právnej istoty. 
610 2 0 |a právo 
610 2 0 |a štát 
610 2 0 |a pojmy 
610 2 0 |a moc štátna 
610 2 0 |a zákony 
610 2 0 |a sloboda 
610 2 0 |a ochrana právna 
100 1 |a Bröstl, Alexander